<?xml version="1.0" encoding="UTF-8"?><?xml-stylesheet type="text/xsl" href="static/style.xsl"?><OAI-PMH xmlns="http://www.openarchives.org/OAI/2.0/" xmlns:xsi="http://www.w3.org/2001/XMLSchema-instance" xsi:schemaLocation="http://www.openarchives.org/OAI/2.0/ http://www.openarchives.org/OAI/2.0/OAI-PMH.xsd"><responseDate>2026-06-01T04:35:52Z</responseDate><request verb="GetRecord" identifier="oai:riuma.uma.es:10630/26718" metadataPrefix="marc">https://riuma.uma.es/rest/oai/request</request><GetRecord><record><header><identifier>oai:riuma.uma.es:10630/26718</identifier><datestamp>2026-02-03T12:53:19Z</datestamp><setSpec>com_10630_25813</setSpec><setSpec>com_10630_3139</setSpec><setSpec>com_10630_10</setSpec><setSpec>col_10630_25833</setSpec></header><metadata><record xmlns="http://www.loc.gov/MARC21/slim" xmlns:dcterms="http://purl.org/dc/terms/" xmlns:doc="http://www.lyncode.com/xoai" xmlns:xsi="http://www.w3.org/2001/XMLSchema-instance" xsi:schemaLocation="http://www.loc.gov/MARC21/slim http://www.loc.gov/standards/marcxml/schema/MARC21slim.xsd">
   <leader>00925njm 22002777a 4500</leader>
   <datafield ind2=" " ind1=" " tag="042">
      <subfield code="a">dc</subfield>
   </datafield>
   <datafield ind2=" " ind1=" " tag="720">
      <subfield code="a">García González, José Cruz</subfield>
      <subfield code="e">author</subfield>
   </datafield>
   <datafield ind2=" " ind1=" " tag="720">
      <subfield code="a">González Robles, Rosa Obdulia</subfield>
      <subfield code="e">author</subfield>
   </datafield>
   <datafield ind2=" " ind1=" " tag="720">
      <subfield code="a">Mir Araujo, Adolfo</subfield>
      <subfield code="e">author</subfield>
   </datafield>
   <datafield ind2=" " ind1=" " tag="720">
      <subfield code="a">García del Soto, Arancha</subfield>
      <subfield code="e">author</subfield>
   </datafield>
   <datafield ind2=" " ind1=" " tag="260">
      <subfield code="c">2006-03-14</subfield>
   </datafield>
   <datafield ind2=" " ind1=" " tag="520">
      <subfield code="a">Una vez más el Boletín Criminológico ofrece a sus lectores un estudio sobre el tema de la corrupción pública. En esta ocasión el presente trabajo tiene como principal objetivo el estudio de este fenómeno en México, a través del análisis de las representaciones sociales que sobre dicho problema tiene un sector especifico de la sociedad mexicana. En este estudio se recoge, en primer lugar, el marco teórico de la materia, describiendo las principales corrientes que definen el fenómeno y explican sus causas. En segundo lugar, se hace referencia a la situación mexicana en el contexto internacional actual. Finalmente, se exponen los resultados obtenidos en una investigación empírica sobre las opiniones que al respecto tienen estudiantes y profesionales del ámbito jurídico en el Distrito Federal.</subfield>
   </datafield>
   <datafield ind1="8" ind2=" " tag="024">
      <subfield code="a">García González, J. C., González Robles, R. O., Mir Araujo, A., &amp; García del Soto, A. (2006). La corrupción pública en México: representaciones sociales de la comunidad jurídica del distrito federal. Boletín Criminológico, (12). https://doi.org/10.24310/Boletin-criminologico.2006.v12i.8767</subfield>
   </datafield>
   <datafield ind1="8" ind2=" " tag="024">
      <subfield code="a">https://hdl.handle.net/10630/26718</subfield>
   </datafield>
   <datafield ind1="8" ind2=" " tag="024">
      <subfield code="a">https://doi.org/10.24310/Boletin-criminologico.2006.v12i.8767</subfield>
   </datafield>
   <datafield tag="653" ind2=" " ind1=" ">
      <subfield code="a">Corrupción administrativa - México</subfield>
   </datafield>
   <datafield ind2="0" ind1="0" tag="245">
      <subfield code="a">La corrupción pública en México: representaciones sociales de la comunidad jurídica del distrito federal.</subfield>
   </datafield>
</record>
</metadata></record></GetRecord></OAI-PMH>